Referencias históricas sobre el crédito, la banca y la moneda panameña /
Contiene material, con fines esencialmente didácticos, sobre el crédito, la banca y la moneda panameños - Explica en qué consisten los siguientes conceptos: Bonos, carta de crédito, certificado de garantía, cheque bancario de cuenta corriente, cheque certificado, carta de poder, cheque de gerencia o...
Պահպանված է:
| Հիմնական հեղինակ: | |
|---|---|
| Համատեղ հեղինակ: | |
| Ձևաչափ: | Անհայտ |
| Լեզու: | Spanish |
| Հրապարակվել է: |
Panamá :
Pendiente de Captura]
|
| Հրատարակություն: | 2 |
| Շարք: | Cuadernos del Banco Nacional de Panamá No. 11
|
| Խորագրեր: | |
| Ցուցիչներ: |
Ավելացրեք ցուցիչ
Չկան պիտակներ, Եղեք առաջինը, ով նշում է այս գրառումը!
|
MARC
| LEADER | 00000 a2200000 04500 | ||
|---|---|---|---|
| 001 | 44842 | ||
| 003 | |||
| 008 | 050531s1978 pn spa d | ||
| 040 | |||
| 020 | |a [Pendiente] | ||
| 090 | |a 1002 C761r | ||
| 100 | |a Conte-Porras, J. | ||
| 110 | |a Banco Nacional de Pnamá | ||
| 245 | |a Referencias históricas sobre el crédito, la banca y la moneda panameña / |c J. Conte-Porras; Banco Nacional de Panamá | ||
| 250 | |a 2 | ||
| 260 | |a Panamá : |b Pendiente de Captura] | ||
| 300 | |a 112 páginas | ||
| 440 | |a Cuadernos del Banco Nacional de Panamá No. 11 | ||
| 520 | |a Contiene material, con fines esencialmente didácticos, sobre el crédito, la banca y la moneda panameños - Explica en qué consisten los siguientes conceptos: Bonos, carta de crédito, certificado de garantía, cheque bancario de cuenta corriente, cheque certificado, carta de poder, cheque de gerencia o administración, cheques de viajeros, giro, orden de pago, línea de crédito bancaria, pagare, encaje legal, cámara de compensación interbancaria, y cuanto cifrada o anónima. Hace una relación histórica en torno a la circulación monetaria en general y en particular sobre la panameña. Presenta los antecedentes de la banca en el Istmo de Panamá y da referencia cronológicas para el estudio del régimen bancario panameño. | ||
| 650 | |a BANCA | ||
| 650 | |a CREDITO | ||
| 650 | |a MONEDA | ||
| 650 | |a INVERSIONES | ||
| 650 | |a MONEDAS | ||
| 650 | |a MONEDA LOCAL | ||
| 999 | |c 15986 |d 15986 | ||
